00468nam a2200193 a 4500001001300000003000900013005001700022008004100039020001000080082001300090100001800103245001900121260003200140300000900172500003500181505001500216650002500231700001800256nice12345678IN_TiNIC20260116011547.0050524s1822 lona grp 000 0 eng  ac10000a252bMAR aMartyn, Henry aTwenty Sermons aLondon bNo Publisherc1822 a444p aincludes index and biblioraphy2 aIndex, Ill aHenry Martyn-Sermons1 aMartyn, Henry